Statistics for European football records

Click here to take the quiz!

General Stats

  • This quiz has been taken 155 times
  • The average score is 8 of 15

Answer Stats

HintAnswer% Correct
Most goals in a season, 73 (player)Lionel Messi
99%
Most Ballons d'Or wins, 6 (player)Lionel Messi
99%
2nd most Ballons d'Or wins, 5Christiano Ronaldo
98%
In a team...Barcelona
73%
2nd longest run of games scored in, 61Bayern Munich
62%
Longest run of games scored in, 73 (team)Real Madrid
61%
3rd most Ballons d'Or wins, 4Cruyff, Platini, van Basten
56%
European Golden Shoe/Boot ANY multiple winner (...that is not Messi or Ronaldo)Eusébio, Henry, Müller...
55%
Highest attendance at a European domestic match, 149,433 (name either of the two teams playing)Celtic - Aberdeen
43%
European Golden Shoe most wins to...,15 (league)La Liga
31%
European Golden Shoe most wins to..., 8 (country)Portugal
31%
Highest goal margin (aggregate) in European Cup, 18-0 (name either of the two teams)Benfica - Stade Dudelange
20%
3rd most consecutive national league titles, 11Dinamo Zagreb
12%
2nd most consecutive national league titles, 13Rosenborg, BATE Borisov
11%
Most consecutive national league titles, 14 (team)Skonto Riga, Lincoln Red Imps
3%

Score Distribution

Percentile by Number Answered

Percent of People with Each Score

Your Score History

You have not taken this quiz